000 00688cam a2200241 4500
008 090401t1988 xxu||||| |||| 00| 0 eng d
020 _a0854064125
035 _a(Sirsi) u48140
041 _aeng
050 _a346.410435
090 _aRICS 1988/50 ABCD
100 _aAnstey, John
245 _aRights of light and how to deal with them
260 _aLondon
_bSurveyors Publications
_c1988
300 _a114p. ; 21cm.
350 _a7.25
520 _aSUPERSEDED: Replaced by 2nd edition (RICS 1992/73).
650 _aRIGHTS TO LIGHT
690 _aPROPERTY LAW AND PRACTICE
710 _aRoyal Institution of Chartered Surveyors
_94900
942 _n0
948 _c04/03/1997
999 _c92288
_d92288